000 00802cab a22002055a 4500
001 L148921
008 091130s2009 xxko f 000 0 eng d
035 _a(Sirsi) u148921
041 0 _aeng
100 1 _aDunlop, Rachel
245 0 0 _aUnderstanding overage
260 _c2009
490 _aThe Estate Agent
_vNovember 2009, 31-32(2)
520 _aDiscusses overage, the right of someone who is not the landowner to receive part of the future enhanced value of a property long after the sale transaction. Provides details about calculation of the payment, the possibility of more than one overage payment and the duration of the overage.
590 _aKA
651 4 _aEngland and Wales
_y1543-
690 _aPROPERTY-PROPERTY ACQUISITION AND DISPOSAL
700 1 _aGarrett, Scott
942 _n0
999 _c82005
_d82005